000 00551nam a2200229 a 4500
001 nice12345678
003 IN_TiNIC
005 20260116015344.0
008 100421s1970 lona grp 000 0 eng
020 _a
_c100
082 0 0 _a227.8
_bCAL
100 _aCaldwell, Taylor
245 _aGreat Lion of God
260 _aLondon
_bCollins Fontana Books
_c1970
300 _a669p
500 _aincludes index and biblioraphy
650 _aPauline Epistles
700 1 _aCaldwell, Taylor
902 _bSRS
942 _cBK
999 _c19362
_d19362